| 000 | 00565nam a2200169 a 4500 | ||
|---|---|---|---|
| 005 | 20140412111240.0 | ||
| 008 | 001117s19uu xx 00 eng d | ||
| 050 |
_aER _bCa15 |
||
| 100 | _aRobinet, Ralph F. | ||
| 245 |
_aCamping trip (The) / _cRalph F. Robinet, Paul W. Bell, Pauline M. Rojas ; illustrated by Robert Kresin. |
||
| 260 |
_aLexington, MA : _bD. C. Heath & Co, _c1970. |
||
| 300 | _a31 p. ; ill. | ||
| 440 | _aMiami Linguistic Readers, Plateau, level 4-6 | ||
| 650 | _aReading | ||
| 650 | _aEnglish language -- reading materials | ||
| 999 |
_c102650 _d102650 |
||